000 01046naa a22002897a 4500
001 BR7807953
003 BR-BrBNA
005 20240918174301.0
007 ta
008 230509b bl.||||| |||| 00| 0 por d
040 _aBR-BrBNA
_bpor
_cBiblioteca Nacional de Agricultura
041 _a(En)
072 _aF04
_b3801
090 _aF04 BR7807953
100 1 _aAchorn, F.P.
100 1 _aSalladay, D.G.
111 1 _aSeminario Granulacao de Fertilizantes
_cSao Paulo, SP (Brazil)
_d13-16 Jun 1978
245 1 _aConservation of energy in ammoniation-granulation plants [fertilizante, granulo, industrializacao]
260 3 _aSao Paulo, SP (Brasil):
_c1978.
500 _aSeminario Granulacao de Fertilizantes Sao Paulo, SP (Brasil): 1978. v. 3 p. 104-126 (BR7807953-AM)F04
650 _aFERTILIZANTE
650 _aGRANULO
650 _aINDUSTRIALIZACAO
773 0 _tSeminario Granulacao de Fertilizantes
_wF04 BR7807953
_gSao Paulo, SP (Brasil), 1978. v. 3 p. 104-126
909 _a202404
_bLucia
_c55
_dLucia Elande
942 _cAM
_2AGRIS
999 _c310116
_d310116